000
00296nam a2200121Ia 4500
005
20251222143319.0
008
251222s9999||||xx |||||||||||||| ||spa||
082
_a
291.4/N39
100
_a
Navarro, Rafael
245
0
_a
La obra del EspĂritu:
264
_b
Parroquia El Buen Pastor
942
_c
LIB
999
_c
15998
_d
15998